[Event "Titled Tue 27th May Late"]
[Site "chess.com INT"]
[Date "2025.05.27"]
[Round "8"]
[White "Suleymanli, Suleyman"]
[Black "Svane, Rasmus"]
[Result "1/2-1/2"]
[WhiteTitle "FM"]
[BlackTitle "GM"]
[WhiteElo "2322"]
[BlackElo "2629"]
[WhiteFideId "13416375"]
[BlackFideId "4657101"]
[EventDate "2025.05.27"]

1. Nf3 d5 2. g3 Nd7 3. d4 Nb6 4. b3 Bf5 5. Ba3 Nf6 6. Bg2 h6 7. O-O c6 8. Re1 g6
9. Nbd2 Bg7 10. e3 O-O 11. c4 Ne4 12. Nxe4 Bxe4 13. Rc1 Re8 14. Nd2 Bxg2 15.
Kxg2 e6 16. h4 h5 17. Nf3 Nd7 18. Qc2 Nf6 19. Ng5 Nh7 20. Nf3 Nf6 21. Ng5 Bh6
22. Nf3 a5 23. Ne5 Nd7 24. Nd3 Bg7 25. Rcd1 b5 26. cxb5 cxb5 27. Bd6 Rc8 28. Qd2
Rc6 29. Bf4 Qb6 30. Rc1 Rec8 31. Rxc6 Rxc6 32. Rc1 b4 33. Rc2 Bf8 34. Qc1 Rxc2
35. Qxc2 Qb5 36. Ne5 Nxe5 37. Bxe5 Bg7 38. Qc8+ Kh7 39. Bf4 Bf6 40. Qf8 Qb7 41.
Qc5 Qa6 42. Qf8 Qa7 43. Kg1 Bg7 44. Qc5 Qa6 45. Qe7 f6 46. Qf7 a4 47. bxa4 Qxa4
48. Bd6 Kh6 49. Qg8 Qd7 50. Bxb4 g5 51. hxg5+ fxg5 52. a4 Qxa4 53. Qxe6+ Kh7 54.
Qf5+ Kh8 55. Bf8 Bxf8 56. Qxf8+ Kh7 57. Qf7+ Kh6 58. Qf6+ Kh7 59. Qxg5 Qd1+ 60.
Kg2 Qd3 61. Qxh5+ Kg7 62. Qxd5 Qc2 63. Qe5+ Kh7 64. d5 Qg6 65. Qe7+ Kg8 66. Qe6+
Kg7 67. Qxg6+ Kh8 68. e4 1/2-1/2

[Event "Titled Tue 27th May Late"]
[Site "chess.com INT"]
[Date "2025.05.27"]
[Round "8"]
[White "Yang, Kaiqi"]
[Black "Saidov, Bilukhadzh"]
[Result "0-1"]
[WhiteTitle "GM"]
[BlackTitle "FM"]
[WhiteElo "2481"]
[BlackElo "2309"]
[WhiteFideId "8604398"]
[BlackFideId "34165476"]
[EventDate "2025.05.27"]

1. c4 e6 2. g3 d5 3. Bg2 Nf6 4. Nf3 c5 5. cxd5 exd5 6. d4 Nc6 7. Nc3 cxd4 8.
Nxd4 Be7 9. O-O O-O 10. Bg5 h6 11. Be3 Bg4 12. h3 Be6 13. Rc1 Rc8 14. Ncb5 Qd7
15. Nxe6 fxe6 16. Nxa7 Nxa7 17. Bxa7 Rxc1 18. Qxc1 Ra8 19. Bd4 Rxa2 20. Qe3 Ra8
21. h4 Rc8 22. Bh3 Kf7 23. f4 Rc4 24. f5 exf5 25. Rxf5 Qc6 26. Kg2 Bc5 27. Rf4
Bxd4 28. Rxd4 Qb6 29. Rd3 Qxe3 30. Rxe3 Rc2 31. b3 d4 32. Rd3 Rc3 33. Rxd4 Rxb3
34. g4 g5 35. h5 b5 36. Rd6 Ne4 37. Rb6 b4 38. Kh2 Rb2 39. Bg2 Rxe2 40. Rxb4 Nf6
41. Kg3 Re3+ 42. Kf2 Re7 43. Bf3 Kg7 44. Rb6 Rf7 45. Kg3 Re7 46. Bd1 Re3+ 47.
Kf2 Re7 48. Be2 Nd5 49. Rg6+ Kh7 50. Bd3 Nf4 51. Rd6+ Kg7 52. Bf5 Rf7 53. Kg3
Rf6 54. Rd7+ Rf7 55. Rd6 Ra7 56. Rb6 Ra3+ 57. Kf2 Ra2+ 58. Ke3 Ra3+ 59. Kd4 Ra7
60. Ke5 Re7+ 61. Kd6 Rf7 62. Ra6 Rf6+ 63. Ke5 Rxa6 64. Be4 Ra5+ 65. Kd6 Kf6 66.
Bf5 Nxh5 67. gxh5 0-1

[Event "Titled Tue 27th May Late"]
[Site "chess.com INT"]
[Date "2025.05.27"]
[Round "8"]
[White "Pereyra, Horacio"]
[Black "Dudzinski, Pawel"]
[Result "0-1"]
[BlackTitle "FM"]
[WhiteElo "2133"]
[BlackElo "2191"]
[WhiteFideId "113700"]
[BlackFideId "1117890"]
[EventDate "2025.05.27"]

1. d4 f5 2. Qd3 d5 3. g4 e6 4. Nf3 Nf6 5. g5 Ne4 6. h4 c5 7. e3 c4 8. Qd1 Nc6 9.
c3 Bd6 10. b3 cxb3 11. axb3 e5 12. Qc2 O-O 13. Be2 f4 14. exf4 exd4 15. O-O dxc3
16. Nxc3 Nxc3 17. Qxc3 Bxf4 18. Bxf4 Rxf4 19. Rad1 Be6 20. Nd4 Nxd4 21. Rxd4
Rxd4 22. Qxd4 Qb6 23. Qe5 Rf8 24. Bd3 g6 25. h5 gxh5 26. Kg2 h4 27. f4 h3+ 28.
Kh2 Bg4 29. Qxd5+ Qe6 30. Qd4 Qf7 31. f5 Qc7+ 32. Rf4 Bxf5 33. Bc4+ Rf7 34.
Bxf7+ Kxf7 35. Qd5+ Kg6 36. Qd4 Kxg5 37. Kg3 Qb8 38. Qg7+ Bg6 39. Qe7+ Kh6 40.
Qh4+ Bh5 41. Kxh3 Qe5 42. Qf6+ Qxf6 43. Rxf6+ Bg6 44. Rd6 b5 45. Ra6 Kg5 46. b4
Bd3 47. Rxa7 h5 48. Rc7 Bc4 49. Kg3 Kf5 50. Rc5+ Ke4 51. Rxh5 Kd3 52. Rh1 Kc2
53. Kf4 Kb3 54. Rb1+ Kc2 55. Rg1 Kc3 56. Ke3 Kxb4 57. Kd2 Ka3 58. Kc2 b4 59. Rg7
b3+ 0-1

[Event "Titled Tue 27th May Late"]
[Site "chess.com INT"]
[Date "2025.05.27"]
[Round "8"]
[White "Kucza, Karol"]
[Black "Butti, Enrique"]
[Result "1-0"]
[WhiteTitle "FM"]
[BlackTitle "CM"]
[WhiteElo "2316"]
[BlackElo "1998"]
[WhiteFideId "1159755"]
[BlackFideId "3700470"]
[EventDate "2025.05.27"]

1. e4 c6 2. d4 d5 3. e5 Bf5 4. Nf3 e6 5. Be2 c5 6. O-O Nc6 7. c4 dxc4 8. Be3
Nge7 9. Qa4 Nd5 10. Na3 Qd7 11. Nxc4 Nxe5 12. Qxd7+ Nxd7 13. Rfd1 Be7 14. Rac1
O-O 15. dxc5 Nxc5 16. Nd4 Be4 17. Nb5 Rfd8 18. Bd4 a6 19. Nbd6 Bxd6 20. Nxd6
Rxd6 21. Bxc5 Rc6 22. Bd4 Rac8 23. Rxc6 Rxc6 24. f3 Bg6 25. Rd2 f6 26. Kf2 Kf7
27. Bf1 Ke7 28. b3 Rc2 29. Rxc2 Bxc2 30. Bc4 Nc7 31. Bc5+ Kd7 32. Bf8 g6 33. h4
Bb1 34. a4 Ba2 35. a5 Nb5 36. Ke3 Na3 37. Kd4 Nxc4 38. bxc4 e5+ 39. Kc5 Bb3 40.
Bg7 Ke6 41. Kb4 Bd1 42. Kc5 Be2 43. Bh8 f5 44. Bg7 f4 45. Bh8 Bf1 46. Kb6 Bxg2
47. Kxb7 Bxf3+ 48. Kxa6 e4 49. Bd4 e3 50. Kb6 Kf5 51. c5 Ke4 52. Bc3 Kd3 53. Be1
Ke2 54. Bb4 Kf1 55. a6 e2 56. c6 Bxc6 57. Kxc6 e1=Q 58. Bxe1 1-0

[Event "Titled Tue 27th May Late"]
[Site "chess.com INT"]
[Date "2025.05.27"]
[Round "8"]
[White "Lisenkov, Svyatoslav"]
[Black "Fadi, Marko"]
[Result "0-1"]
[WhiteTitle "CM"]
[BlackTitle "FM"]
[WhiteElo "2241"]
[BlackElo "2244"]
[WhiteFideId "34264183"]
[BlackFideId "10605371"]
[EventDate "2025.05.27"]

1. e4 c5 2. Nf3 Nc6 3. Bb5 Nd4 4. Nxd4 cxd4 5. O-O a6 6. Bc4 e6 7. a4 d5 8. exd5
exd5 9. Re1+ Be7 10. Bd3 Nf6 11. c3 O-O 12. cxd4 Bd6 13. h3 Bc7 14. b3 Qd6 15.
g3 Bxh3 16. Ba3 Qd7 17. Bxf8 Rxf8 18. Nc3 Bb6 19. a5 Bxd4 20. Ra4 Ba7 21. Rh4 h6
22. Bb1 g5 23. Rxh6 Bxf2+ 24. Kxf2 Ng4+ 25. Kg1 Nxh6 26. Qh5 Qg4 27. Qxg4 Bxg4
28. Nxd5 Rd8 29. Nf6+ Kg7 30. Nxg4 Nxg4 31. Be4 Rxd2 32. Bxb7 Rd3 33. Kg2 Rxb3
34. Bxa6 Ra3 35. Bc8 Ne3+ 36. Kf2 Nd5 37. a6 Nb4 38. Re7 Nxa6 39. Ra7 Ra2+ 40.
Ke3 Nb4 41. Rxa2 Nxa2 42. Kd4 Nb4 43. Ke5 f6+ 44. Kf5 Nd5 45. Kg4 Ne7 46. Ba6
Kg6 47. Kf3 f5 48. Bd3 Kf6 49. Bc2 Nc6 50. Bb1 Ke5 51. Ke3 Nd4 52. Bd3 Ne6 53.
Bb1 Nc5 54. Bc2 Na6 55. Bb1 Nb4 56. Kf3 Nd5 57. Bc2 g4+ 58. Kf2 Nf6 59. Bb1 Ne4+
60. Kg2 Kd4 61. Ba2 Ke3 62. Be6 Nd6 63. Bd7 Ke4 64. Bc6+ Ke5 65. Kf2 Nf7 66. Bb7
Ng5 67. Bc6 Ne4+ 68. Kg2 Nf6 69. Bb7 Kd4 70. Bc8 Ke4 71. Bb7+ Ke5 72. Bc8 Ne8
73. Bb7 Nd6 74. Bc6 Kd4 75. Bf3 gxf3+ 76. Kxf3 Ke5 77. g4 f4 78. g5 Nf5 79. g6
Nh4+ 80. Kg4 Nxg6 0-1

[Event "Titled Tue 27th May Late"]
[Site "chess.com INT"]
[Date "2025.05.27"]
[Round "8"]
[White "Burmakin, Vladimir"]
[Black "Petriashvili, Nikoloz"]
[Result "0-1"]
[WhiteTitle "GM"]
[BlackTitle "IM"]
[WhiteElo "2435"]
[BlackElo "2468"]
[WhiteFideId "4105109"]
[BlackFideId "13611216"]
[EventDate "2025.05.27"]

1. d4 Na6 2. g3 d5 3. Bg2 c6 4. Nf3 Nf6 5. Nbd2 g6 6. O-O Bg7 7. Re1 O-O 8. c3
Nc7 9. e4 dxe4 10. Nxe4 Nxe4 11. Rxe4 Bf5 12. Re1 Bg4 13. Qb3 Bxf3 14. Bxf3 Nb5
15. Bf4 Qd7 16. Rad1 Nd6 17. a4 a5 18. Bg2 Rfe8 19. Rd2 Bf8 20. h4 e6 21. h5 Nf5
22. Qd1 Bd6 23. Bxd6 Nxd6 24. Qg4 Qe7 25. Rde2 Qf6 26. Be4 Kg7 27. Bd3 Rad8 28.
Re5 b6 29. Kg2 Nc8 30. R5e3 Rd5 31. Rh1 Qg5 32. Qxg5 Rxg5 33. h6+ Kf8 34. Be4
Ne7 35. f4 Nf5 36. Rd3 Rh5 37. Rxh5 gxh5 38. Bxc6 Rc8 39. Be4 Nxh6 40. Bxh7 Kg7
41. Be4 Kf6 42. Bf3 Kg6 43. Kh3 Nf5 44. Be4 Kf6 45. Bxf5 Kxf5 46. Re3 f6 47. Kg2
Rc4 48. b3 Rc7 49. Kf3 Rc8 50. c4 Rd8 51. Rd3 e5 52. fxe5 fxe5 53. Ke3 exd4+ 54.
Rxd4 Rxd4 55. Kxd4 Kg4 56. b4 axb4 57. a5 bxa5 58. c5 Kf5 59. Kd5 b3 60. c6 b2
61. c7 b1=Q 62. c8=Q+ Kg5 63. Qg8+ Qg6 64. Qd8+ Qf6 65. Qg8+ Kf5 66. Qh7+ Kg4 0-1

[Event "Titled Tue 27th May Late"]
[Site "chess.com INT"]
[Date "2025.05.27"]
[Round "8"]
[White "Novosel, Lovro"]
[Black "Goltsev, Dmitry"]
[Result "0-1"]
[WhiteTitle "FM"]
[BlackTitle "FM"]
[WhiteElo "2346"]
[BlackElo "2183"]
[WhiteFideId "14547120"]
[BlackFideId "24176710"]
[EventDate "2025.05.27"]

1. d4 e6 2. c4 d5 3. Nf3 Nf6 4. g3 c5 5. cxd5 Qxd5 6. Nc3 Qd8 7. Bg2 Nc6 8. dxc5
Qxd1+ 9. Nxd1 Bxc5 10. O-O O-O 11. Be3 Be7 12. Nc3 Rd8 13. Rfd1 Bd7 14. Nd4 a6
15. Nxc6 Bxc6 16. Bxc6 bxc6 17. Rac1 Nd5 18. Bd4 c5 19. Be5 f6 20. Bf4 Nxf4 21.
gxf4 Rab8 22. b3 Kf7 23. e3 Kg6 24. Rxd8 Rxd8 25. Ne4 Rd5 26. Rc2 h5 27. Kg2 h4
28. h3 Kf7 29. Kf3 Ke8 30. Rc4 Kd7 31. Ra4 f5 32. Ng5 Rd6 33. Nf7 Rb6 34. Ne5+
Kc7 35. Nc4 Rc6 36. Ke2 Bf6 37. Na5 Rb6 38. Rc4 Rb5 39. Ra4 Rb4 40. Rxb4 cxb4
41. Nc4 Kc6 42. Nd2 Kd5 43. Kd3 Be7 44. f3 Bf6 45. e4+ Kc5 46. Nc4 Bc3 47. Ne3
g6 48. Nc4 Bg7 49. Ke3 Kb5 50. Nd6+ Kc5 51. Nf7 Bd4+ 52. Kd3 Bb2 53. Nd8 Kd6 54.
Nb7+ Kc6 55. Na5+ Kb5 56. Nc4 Bg7 57. Ke3 Kc5 58. Kd3 Kc6 59. Nd2 Bh6 60. Ke3 e5
61. exf5 Bxf4+ 62. Kd3 Bxd2 63. Kxd2 gxf5 64. Kd3 Kd5 65. Ke3 e4 66. f4 Kc5 67.
Ke2 Kd4 68. Kd2 e3+ 69. Ke2 Ke4 0-1

[Event "Titled Tue 27th May Late"]
[Site "chess.com INT"]
[Date "2025.05.27"]
[Round "8"]
[White "Steinberg, Nitzan"]
[Black "Rosen, Eric"]
[Result "1-0"]
[WhiteTitle "GM"]
[BlackTitle "IM"]
[WhiteElo "2554"]
[BlackElo "2377"]
[WhiteFideId "2801795"]
[BlackFideId "2032562"]
[EventDate "2025.05.27"]

1. e4 c5 2. Nf3 Nc6 3. d4 cxd4 4. Nxd4 g6 5. c4 Bg7 6. Be3 Qb6 7. Nb3 Qd8 8. Nc3
Nf6 9. Be2 d6 10. O-O O-O 11. f3 a5 12. Nd4 a4 13. Qd2 Qa5 14. Rfd1 Nxd4 15.
Bxd4 Be6 16. Nd5 Bxd5 17. Qxa5 Rxa5 18. cxd5 Nd7 19. Rac1 Bxd4+ 20. Rxd4 Nc5 21.
Rb4 Kg7 22. Kf2 h5 23. Ke3 f5 24. Bd3 f4+ 25. Kd2 Kf6 26. h4 Ke5 27. Bb5 Rg8 28.
Ke2 Raa8 29. Kf2 Ra5 30. Rc3 g5 31. hxg5 Rxg5 32. a3 Ra8 33. Bf1 h4 34. Rb6 Rag8
35. Rxc5 dxc5 36. Re6+ Kd4 37. Rxe7 R8g7 38. Re6 c4 39. Rb6 Kc5 40. Rf6 Rc7 41.
Rxf4 b5 42. Rf8 b4 43. axb4+ Kxb4 44. Rb8+ Kc5 45. f4 Rg3 46. f5 a3 47. bxa3
Rxa3 48. f6 Kd4 49. d6 Rf7 50. Kg1 c3 51. Rb4+ Ke3 52. e5 c2 53. Rc4 Kd2 54. Kf2
Rc3 55. Rxc3 Kxc3 56. d7 Rxd7 57. e6 Rd6 58. f7 c1=Q 59. f8=Q Qd2+ 60. Kg1 Qd4+
61. Kh1 Rxe6 62. Qc8+ Rc6 63. Qxc6+ Kd2 64. Qf3 Qe3 65. Qxe3+ Kxe3 66. Kh2 Kf4
67. Kh3 Kg5 68. Be2 Kh6 69. Kxh4 Kg6 70. Bf3 Kh7 71. Kg3 Kg7 72. Kf2 Kh7 73. g3
Kg7 74. Kg2 Kh7 75. g4 Kg7 76. Kg3 Kh7 77. Kf4 Kg7 78. g5 Kh7 79. Kf5 Kg7 80. g6
Kg8 81. Kf6 Kh8 82. g7+ Kh7 83. Be4+ Kg8 84. Bd5+ Kh7 85. g8=Q+ Kh6 86. Qh8# 1-0

[Event "Titled Tue 27th May Late"]
[Site "chess.com INT"]
[Date "2025.05.27"]
[Round "8"]
[White "Sharankov, Grigory"]
[Black "Rustemov, Alexander"]
[Result "0-1"]
[WhiteTitle "CM"]
[BlackTitle "GM"]
[WhiteElo "2238"]
[BlackElo "2525"]
[WhiteFideId "4168356"]
[BlackFideId "4119002"]
[EventDate "2025.05.27"]

1. e4 e6 2. Nf3 d5 3. Nc3 dxe4 4. Nxe4 Bd7 5. d4 Bc6 6. Bd3 Nd7 7. Ng3 Ngf6 8.
O-O Be7 9. b3 O-O 10. Bb2 Re8 11. c4 Bxf3 12. Qxf3 c6 13. a3 a5 14. Rfe1 Qc7 15.
Rac1 Qd6 16. Re5 g6 17. h4 Bf8 18. h5 Bg7 19. Rce1 Red8 20. Bb1 c5 21. hxg6 hxg6
22. Bxg6 cxd4 23. Bxf7+ Kxf7 24. Rxe6 Qxe6 25. Rxe6 Kxe6 26. Qf5+ Kf7 27. Bxd4
Re8 28. Nh5 Re1+ 29. Kh2 Rh8 30. g4 Re4 31. Bxf6 Nxf6 32. f3 Re6 33. Kg3 Rhe8
34. Nf4 Re5 35. Qg6+ Kf8 36. g5 Ng8 37. Nh5 R8e7 38. f4 Re1 39. Kg4 Rg1+ 40. Kf5
Rf7+ 41. Ke4 Re1+ 42. Kd3 Ne7 43. Qb6 Rd1+ 44. Ke2 Rd7 45. Nxg7 Kxg7 46. Qh6+
Kg8 47. g6 Rg7 48. f5 Nxf5 49. Qg5 Rde7+ 50. Kd3 Nd6 51. b4 axb4 52. axb4 Ne8
53. c5 Re6 54. Kc4 Rgxg6 55. Qd5 Kf8 56. Qd8 Re7 57. Kb3 Rf6 58. Qd5 Ng7 59. Qg5
Kf7 60. Qg4 Nf5 61. Ka4 b6 62. Qh5+ Ke6 63. Qe2+ Kd7 64. Qd3+ Ke8 65. Qb5+ Kf7
66. Qc4+ Kf8 67. c6 Nd6 68. c7 b5+ 69. Qxb5 Nxb5 70. c8=Q+ Re8 0-1

[Event "Titled Tue 27th May Late"]
[Site "chess.com INT"]
[Date "2025.05.27"]
[Round "8"]
[White "Rustamov, Rustam"]
[Black "Srinath, Rao S.V."]
[Result "1-0"]
[WhiteTitle "FM"]
[BlackTitle "IM"]
[WhiteElo "2323"]
[BlackElo "2299"]
[WhiteFideId "13440110"]
[BlackFideId "5028876"]
[EventDate "2025.05.27"]

1. e4 e6 2. d4 d5 3. Nd2 Nf6 4. e5 Nfd7 5. Bd3 c5 6. c3 Nc6 7. Ne2 cxd4 8. cxd4
f6 9. exf6 Qxf6 10. O-O h6 11. Nf3 Bd6 12. Ng3 O-O 13. Bb5 Rf7 14. Be3 Nf8 15.
Bxc6 bxc6 16. Rc1 Rc7 17. Re1 Ba6 18. Ne5 c5 19. Ng4 Qh4 20. dxc5 Be7 21. Ne5
Rd8 22. Qd4 Qf6 23. b4 Ng6 24. Nxg6 Qxg6 25. Bf4 Bf6 26. Be5 Bg5 27. f4 Bf6 28.
Bxf6 Qxf6 29. Qxf6 gxf6 30. Rxe6 Bb5 31. Rd1 d4 32. Nf5 d3 33. Rd2 Kf7 34. Re3
Rcd7 35. Kf2 Rd5 36. g4 h5 37. Nd6+ R8xd6 38. cxd6 Rxd6 39. gxh5 Rd4 40. a3
Rxf4+ 41. Rf3 Rh4 42. Kg3 Rxh5 43. Rdf2 Rg5+ 44. Kh4 Rg6 45. Rf4 Bd7 46. Rd4
Rh6+ 47. Kg3 Rh3+ 48. Kg2 Be6 49. Rd2 Bf5 50. Rf4 Rh5 51. b5 Bg6 52. a4 Rg5+ 53.
Kf2 Rc5 54. h4 Rc3 55. Rb4 Ra3 56. Ke3 Ke6 57. h5 Bf5 58. h6 Kf7 59. Rf4 Bg6 60.
Rdf2 f5 61. Rd4 Kg8 62. Rff4 Kh7 63. Rxd3 Ra1 64. Rd6 Kxh6 65. Rxf5 Re1+ 66. Kf2
Ra1 67. Rff6 Ra2+ 68. Ke3 Ra3+ 69. Kd2 Ra2+ 70. Kc3 Rg2 71. Rxg6+ Rxg6 72. Rxg6+
Kxg6 73. a5 Kf6 74. b6 axb6 75. a6 Ke6 76. a7 1-0

[Event "Titled Tue 27th May Late"]
[Site "chess.com INT"]
[Date "2025.05.27"]
[Round "8"]
[White "Makarian, Rudik"]
[Black "Kushko, Dmitriy"]
[Result "1-0"]
[WhiteTitle "IM"]
[BlackTitle "IM"]
[WhiteElo "2532"]
[BlackElo "2454"]
[WhiteFideId "44105681"]
[BlackFideId "14162261"]
[EventDate "2025.05.27"]

1. d4 d6 2. c4 e5 3. Nf3 e4 4. Ng5 f5 5. Nc3 Be7 6. Nh3 Nf6 7. e3 O-O 8. Be2 c6
9. d5 Nbd7 10. dxc6 bxc6 11. O-O Ne5 12. b3 Kh8 13. Bb2 Qc7 14. Nf4 Bd7 15. Qd2
Rad8 16. Rfd1 Bc8 17. Rac1 Kg8 18. b4 g5 19. Nh3 h6 20. b5 Be6 21. bxc6 Nxc4 22.
Nd5 Bxd5 23. Bxc4 Bxc4 24. Rxc4 d5 25. Rcc1 Ng4 26. g3 Bf6 27. Kg2 Bxb2 28. Qxb2
Ne5 29. Rc3 Rd6 30. Ng1 Nc4 31. Qb7 Rxc6 32. Qxc7 Rxc7 33. Rxd5 Rff7 34. Ne2 Nb6
35. Rxc7 Nxd5 36. Rc5 Rd7 37. Nd4 f4 38. Nf5 f3+ 39. Kh3 Nf6 40. g4 h5 41. gxh5
Nxh5 42. Kg4 Ng7 43. Nxg7 Kxg7 44. Rxg5+ Kf7 45. Rf5+ Ke6 46. Kf4 Rd1 47. Re5+
Kf6 48. Rxe4 Rd2 49. Kxf3 Rxa2 50. Rf4+ Ke6 51. h4 a5 52. h5 a4 53. h6 Ra1 54.
h7 Rh1 55. Rxa4 Rxh7 56. Ra6+ Ke5 57. Ra5+ Ke6 58. Ke4 Rb7 59. f4 Rb4+ 60. Kf3
Rb3 61. Ra6+ Kf5 62. Ra5+ Kf6 63. Re5 Ra3 64. Rc5 Rb3 65. f5 Rb4 66. e4 Kg5 67.
Rc6 Rb3+ 68. Ke2 Kf4 69. Re6 Rh3 70. Kd2 Kg5 71. f6 Rf3 72. e5 Kf5 73. Re7 Ke4
74. f7 Kd4 75. e6 Rf2+ 76. Kd1 Rf6 77. Re8 Kd3 78. Rd8+ 1-0

[Event "Titled Tue 27th May Late"]
[Site "chess.com INT"]
[Date "2025.05.27"]
[Round "8"]
[White "Chelly, Yahya"]
[Black "Fomevor, Cephas Clinton"]
[Result "1-0"]
[WhiteTitle "CM"]
[BlackTitle "CM"]
[WhiteElo "2039"]
[BlackElo "1883"]
[WhiteFideId "5516200"]
[BlackFideId "12601330"]
[EventDate "2025.05.27"]

1. d4 d5 2. c4 c6 3. Nc3 Nf6 4. Nf3 a6 5. b3 Bf5 6. e3 e6 7. Bd3 Bg4 8. O-O Bd6
9. Bb2 O-O 10. h3 Bh5 11. Re1 Nbd7 12. e4 dxe4 13. Nxe4 Nxe4 14. Bxe4 Nf6 15.
Bd3 Rc8 16. Qc2 Bxf3 17. gxf3 g6 18. Qc3 Nh5 19. Re4 Nf4 20. Bf1 Qg5+ 21. Kh1 f5
22. d5 e5 23. Rxe5 Bxe5 24. Qxe5 Qh6 25. Bc1 g5 26. Ba3 Nxh3 27. Bxf8 Rxf8 28.
Re1 Nxf2+ 29. Kg1 Nh3+ 30. Bxh3 Qxh3 31. Qe6+ Rf7 32. Qe8+ Kg7 33. Qe5+ Kg6 34.
d6 Qxf3 35. Qe6+ Rf6 36. Qe8+ Kh6 37. Qe5 Qg4+ 38. Kf2 Qf4+ 39. Qxf4 gxf4 40. d7
Rd6 41. Re6+ Rxe6 42. d8=Q Rg6 43. Qf8+ Kg5 44. Qc8 Rf6 45. Qxb7 f3 46. Qxa6 f4
47. Qb6 Kg4 48. Qc5 Rf5 49. Qd4 Rf6 50. Qe4 Rh6 51. Qxf3+ Kf5 52. Qd3+ Kg5 53.
Qe4 Rh2+ 54. Kg1 Rh3 55. Qe7+ Kg4 56. Qe6+ Kf3 57. Qxc6+ Kg3 58. Qg2+ Kh4 59.
Kf2 Rg3 60. Qh2+ Kg4 61. Qxh7 Kg5 62. Qg7+ Kf5 63. Qxg3 fxg3+ 64. Kxg3 Ke5 65.
a3 Kd6 66. Kf3 Kc5 67. Ke3 Kc6 68. Kd3 Kb6 69. Kc3 Kb7 70. b4 Kc7 71. Kb3 Kb8
72. a4 Ka8 73. a5 Kb8 74. b5 Ka8 75. c5 Kb8 76. Kb4 Kc8 77. a6 Kb8 78. b6 Ka8
79. c6 Kb8 80. Kc4 Kc8 81. Kd4 Kb8 82. Ke4 Ka8 83. Kf4 Kb8 84. Kf5 Kc8 85. Ke6
Kb8 86. Kd6 Ka8 87. b7+ Ka7 88. c7 Kxa6 89. Kc6 Ka7 90. b8=Q+ 1-0

[Event "Titled Tue 27th May Late"]
[Site "chess.com INT"]
[Date "2025.05.27"]
[Round "8"]
[White "Omariev, Maksim"]
[Black "Sobek, Jaroslav"]
[Result "0-1"]
[WhiteTitle "FM"]
[BlackTitle "FM"]
[WhiteElo "2304"]
[BlackElo "2195"]
[WhiteFideId "4193423"]
[BlackFideId "301388"]
[EventDate "2025.05.27"]

1. b3 c5 2. Bb2 Nf6 3. c4 e6 4. g3 Be7 5. Bg2 O-O 6. Nf3 Nc6 7. O-O b6 8. d4
cxd4 9. Nxd4 Bb7 10. Nb5 d5 11. cxd5 Nxd5 12. N1c3 Nxc3 13. Bxc3 a6 14. Nd4 Rc8
15. Rc1 Ba3 16. Rb1 Nxd4 17. Qxd4 Qxd4 18. Bxd4 Bxg2 19. Kxg2 b5 20. Bb2 Be7 21.
Rbc1 Rfd8 22. Rxc8 Rxc8 23. Rc1 Rxc1 24. Bxc1 f6 25. e4 e5 26. Kf3 Kf7 27. Ke2
Ke6 28. g4 Bc5 29. h4 g6 30. Bh6 f5 31. f3 fxg4 32. fxg4 Be7 33. h5 gxh5 34.
gxh5 Bc5 35. Kf3 Bd6 36. Kg4 Bb4 37. Be3 Be7 38. Bg5 Bb4 39. Bd8 Bd2 40. a4 bxa4
41. bxa4 Bc1 42. Bg5 Ba3 43. Bh6 Be7 44. Bg7 Bd8 45. Kf3 Bg5 46. Ke2 Bf4 47. Kd3
Kd7 48. Kc4 Kc6 49. Bf8 Bh2 50. Bg7 Bg3 51. Bf6 Bh2 52. Bh4 Bf4 53. Bf2 Bh2 54.
Be3 Bg3 55. Bg1 Bf4 56. Bf2 Bh2 57. Bh4 Bf4 58. Bf6 Bh2 59. Bg7 Bf4 60. Bf8 Bg3
61. Bb4 Bf4 62. Bc5 Bg3 63. Be3 Bf4 64. Bxf4 exf4 65. Kd4 Kd6 66. e5+ Ke6 67.
Ke4 f3 68. Kxf3 Kxe5 69. Kg4 h6 70. a5 Ke4 71. Kg3 Kf5 72. Kf3 Kg5 73. Ke4 Kxh5
74. Kd5 Kg4 75. Kc6 h5 76. Kb6 h4 77. Kxa6 h3 78. Kb6 h2 79. a6 h1=Q 80. Ka7 Qc6
81. Kb8 Qxa6 82. Kc7 Kf5 83. Kb8 Ke6 84. Kc7 Qd6+ 85. Kc8 Kd5 86. Kb7 Qe7+ 87.
Kc8 Kc5 88. Kb8 Kb6 89. Ka8 Qb7# 0-1

[Event "Titled Tue 27th May Late"]
[Site "chess.com INT"]
[Date "2025.05.27"]
[Round "8"]
[White "Jahnz, Laurin"]
[Black "Avramidou, Anastasia"]
[Result "0-1"]
[WhiteTitle "CM"]
[BlackTitle "FM"]
[WhiteElo "2233"]
[BlackElo "2294"]
[WhiteFideId "16261089"]
[BlackFideId "4239873"]
[EventDate "2025.05.27"]

1. e4 c5 2. Nf3 g6 3. Bc4 Nc6 4. O-O Bg7 5. d3 d6 6. Re1 Nf6 7. c3 O-O 8. a4 a6
9. h3 Rb8 10. Na3 e5 11. d4 cxd4 12. cxd4 Qc7 13. dxe5 Nxe5 14. Nxe5 dxe5 15.
Bg5 h6 16. Bxf6 Bxf6 17. Rc1 Qe7 18. Bd5 Bg5 19. Rc3 Be6 20. a5 Rfd8 21. Rd3
Rbc8 22. Qb3 Bxd5 23. Rxd5 Rxd5 24. exd5 Qc7 25. Rd1 Be7 26. Qb6 Qxb6 27. axb6
Bxa3 28. bxa3 Kf8 29. d6 Rd8 30. a4 Ke8 31. a5 Kd7 32. Rc1 Kxd6 33. Rc7 Rd7 34.
Rc8 Ke6 35. Kh2 h5 36. h4 Rd5 37. Rc7 Rxa5 38. Rxb7 Rb5 39. Rb8 Kf6 40. b7 a5
41. g3 a4 42. Kg2 a3 43. Ra8 Rxb7 44. Rxa3 Kf5 45. Rf3+ Ke6 46. Ra3 f6 47. Ra6+
Kf5 48. Ra3 g5 49. hxg5 Kxg5 50. Ra4 Rb3 51. Rc4 Ra3 52. Rb4 Ra8 53. Rc4 Rh8 54.
Rb4 h4 55. gxh4+ Rxh4 56. Rb8 Rg4+ 57. Kf3 Ra4 58. Kg3 Ra3+ 59. Kg2 Kf4 60. Rb4+
e4 61. Rb2 f5 62. Rc2 Kg4 63. Rb2 f4 64. Rb8 f3+ 65. Kh2 Ra5 66. Rg8+ Rg5 67.
Re8 Kf4 68. Rf8+ Rf5 69. Re8 Rg5 70. Rf8+ Ke5 71. Re8+ Kd4 72. Rd8+ Kc3 73. Re8
Kd3 74. Kh3 Rg2 75. Rd8+ Ke2 76. Re8 Kxf2 77. Rxe4 Rg3+ 78. Kh2 Rg7 79. Kh3 Kf1
80. Ra4 f2 81. Ra1+ Ke2 82. Ra2+ Ke3 83. Ra3+ Ke4 84. Ra1 Rg1 85. Ra4+ Ke5 86.
Ra5+ Ke6 87. Ra6+ Kd7 88. Ra7+ Kc6 89. Ra6+ Kb5 90. Rf6 f1=Q+ 0-1

[Event "Titled Tue 27th May Late"]
[Site "chess.com INT"]
[Date "2025.05.27"]
[Round "8"]
[White "Ozates, Tuna"]
[Black "Gasparyan, Erik R."]
[Result "1/2-1/2"]
[WhiteTitle "FM"]
[BlackTitle "IM"]
[WhiteElo "2217"]
[BlackElo "2372"]
[WhiteFideId "6354521"]
[BlackFideId "13315730"]
[EventDate "2025.05.27"]

1. e4 c5 2. Nc3 Nc6 3. Bb5 Nd4 4. Nf3 e6 5. O-O a6 6. Bd3 g6 7. Re1 Bg7 8. Nxd4
cxd4 9. Ne2 Ne7 10. c3 dxc3 11. dxc3 O-O 12. Be3 b5 13. Qd2 Bb7 14. Bh6 d6 15.
h4 Nc6 16. Bxg7 Kxg7 17. h5 Qh4 18. Ng3 Ne5 19. Be2 Rad8 20. Rad1 f5 21. exf5
gxf5 22. Qd4 Qg5 23. Qb6 Bc6 24. Bf1 f4 25. h6+ Kxh6 26. Rxe5 Qxe5 27. Ne2 Bd5
28. Rd3 f3 29. Nd4 Qh5 30. Nxf3 Bxf3 31. Qe3+ Kg7 32. Qxe6 Bg4 33. Rg3 Rde8 34.
Rxg4+ Kh8 35. Qd7 Qf7 36. Qxf7 Rxf7 37. Rd4 Rf6 38. f3 Re1 39. Kf2 Rb1 40. Rd2
Kg7 41. Bd3 Ra1 42. b3 h6 43. c4 b4 44. Be4 a5 45. g4 Kf8 46. Ke3 Ke7 47. Kd4
Re6 48. Kd5 Re5+ 49. Kc6 Rc5+ 50. Kb6 h5 51. Bd5 hxg4 52. fxg4 Rg1 53. Re2+ Kd7
54. Rh2 Rxg4 55. Rh7+ Kd8 56. Ra7 Rd4 57. Rxa5 Rxa5 58. Kxa5 Rd2 59. Kxb4 Rxa2
60. Kb5 Rb2 61. b4 Kd7 62. Be4 Kc7 63. Bd5 Rd2 64. Be6 Rd4 65. Bd5 Rf4 66. Ka5
Rf8 67. b5 Rf2 68. b6+ Kd7 69. Ka6 Rb2 70. Kb7 Rb4 71. Bc6+ Kd8 72. Bb5 d5 73.
Kc6 Kc8 74. c5 d4 75. Bd3 Rb3 76. Bf5+ Kb8 77. Kd7 Rc3 78. c6 d3 79. c7+ Kb7 80.
Be4+ Kxb6 81. c8=Q Rxc8 82. Kxc8 d2 83. Bc2 Kc5 84. Bd1 Kd4 85. Bh5 Ke3 86. Bg4
d1=B 1/2-1/2